000 003350000a22001450004500
005 20120302063337.0
942 _cBOOK
100 _a SAPRE, R.G.
245 _a YOGIRAJANCHA ASHRAM
260 _aMUMBAI : SAHITYA RASA MALA PRAKASHAN,1963
300 _a101 P.
040 _aMAR
365 _bRS.2.50
650 _aADHYATMA / SANKIRNA
999 _c359252
_d359249